| 000 | 00524nam a22002057a 4500 | ||
|---|---|---|---|
| 003 | OSt | ||
| 005 | 20260226154758.0 | ||
| 008 | 260226b |||||||| |||| 00| 0 eng d | ||
| 040 | _cSKBL | ||
| 041 | _aasm | ||
| 082 |
_a891.414 _bGo 69 Kr |
||
| 100 |
_aGoswami, Jatindranath. _eedt |
||
| 245 | 0 | _aKrishnakanta Handiqui Rachana Sambhar / | |
| 250 | _a1st ed. / | ||
| 260 |
_aJorhat : _bAsom Sahitya Sabha, _c1984. |
||
| 300 | _a298p.; | ||
| 650 | _aAssamese linguistics | ||
| 650 | _aKrishna Kanta Handiqui | ||
| 942 | _cREF | ||
| 999 |
_c1037 _d1037 |
||